000 00740cam a2200241 a 4500
001 565122
005 20180226034122.0
008 890330s1989 mnua b 001 0 eng
010 _a 89032678
020 _a0314540121
040 _aDLC
_cDLC
_dDLC
041 _aeng
043 _an-us---
080 _a346.7304 JOH
082 0 0 _a346.7304 JOH
_a347.3064
_220
100 _a14
101 _aJUR
245 0 0 _aBasic property law /
_cby Olin L. Browder, ... [et al.].
504 _aIncludes bibliographical references.
906 _a7
_bcbc
_corignew
_d1
_eocip
_f19
_gy-gencatlg
942 _2ddc
_cBK
999 _c43398
_d43398